000 00196 a2200097 4500
001 3255
100 _aDjelas, M
245 _aLand without justice
260 _a
_bMelhuen
_c
090 _c2535
_d2535
942 _aNUST-CAE
_cM
_c17058
999 _c238328
_d238328